| 000 | 00933nam a22002297a 4500 | ||
|---|---|---|---|
| 999 |
_c11091 _d11091 |
||
| 003 | AR-CdUCM | ||
| 008 | 190402b ||||| |||| 00| 0 spa d | ||
| 040 |
_aMUNICIPALIDAD PROVINCIAL DEL CUSCO _cBIBLIOTECA MUNICIPAL DEL CUSCO |
||
| 041 | _hit | ||
| 082 |
_aES / 036 / _bP155 |
||
| 100 |
_aPalazzi, Fernando _928242 |
||
| 245 |
_aEnciclopedia de la Fábula : _bfábulas y leyendas de la europa occidental / |
||
| 260 |
_aArgentina : _bEditorial hispano americana, _c1959. |
||
| 300 |
_a728 páginas ; _bIlustraciones, _c25 cm. |
||
| 505 | _aContenido: El reino de la hadas -- El violín mágico -- Colás y María -- El rey mendigo -- Juan, terror de los gigantes -- E cazador y la costurera... | ||
| 650 |
_aEnciclopedia ilustrada _918263 |
||
| 650 |
_aFábulas europeas _928243 |
||
| 650 |
_aLeyendas europeas _928244 |
||
| 700 |
_aValverde, José María (adaptada al español) _928245 |
||
| 942 |
_2ddc _cLIBROS |
||
| 945 | _adavv | ||